000 00799nam a22002657a 4500
001 6709
003 FISKH
005 20250807154130.0
008 250521b cb ||||| |||| 00| 0 eng d
020 _a9780545372343
040 _aFISKH
_beng
_cFISKH
_dFISKH
050 _aPZ7
082 _a629.04
100 _aEvansុំ Lynette
245 _aOn the move :
_bInvestigate, transportation /
_cby Lynette Evans
260 _aNew York :
_bScholastic,
_c2011.
300 _a28 pages :
_bcolor illustrations ;
_c22 cm
505 _aJ
520 _aWe are always going places. Where do we travel? What kinds of machines help us get around.
521 8 _a500
_bLexile estimate
521 8 _aJ
_bRaz-Plus
650 _aTravel
_vTechnoloy
942 _2ddc
_cBK
_n0
999 _c6709
_d6709